<?xml version="1.0" encoding="UTF-8"?>
<record
    xmlns:xsi="http://www.w3.org/2001/XMLSchema-instance"
    xsi:schemaLocation="http://www.loc.gov/MARC21/slim http://www.loc.gov/standards/marcxml/schema/MARC21slim.xsd"
    xmlns="http://www.loc.gov/MARC21/slim">

  <leader>00770nam a22001937a 4500</leader>
  <datafield tag="999" ind1=" " ind2=" ">
    <subfield code="c">177967</subfield>
    <subfield code="d">177967</subfield>
  </datafield>
  <controlfield tag="005">20210311125614.0</controlfield>
  <datafield tag="010" ind1=" " ind2=" ">
    <subfield code="a">UR-11068</subfield>
  </datafield>
  <datafield tag="020" ind1=" " ind2=" ">
    <subfield code="c">100.00</subfield>
    <subfield code="a">R.N.I.No.UP.Bill/2015/65443</subfield>
  </datafield>
  <datafield tag="035" ind1=" " ind2=" ">
    <subfield code="a">U-9623</subfield>
  </datafield>
  <datafield tag="037" ind1=" " ind2=" ">
    <subfield code="b">DBAD/PUB</subfield>
  </datafield>
  <datafield tag="082" ind1=" " ind2=" ">
    <subfield code="a">070.4</subfield>
  </datafield>
  <datafield tag="100" ind1=" " ind2=" ">
    <subfield code="a">&#x627; &#x64A;&#x688; &#x64A;&#x679;&#x631; :&#x645;&#x631; &#x632; &#x627; &#x645;&#x631; &#x62A;&#x636;&#x6CC; &#x627; &#x642;&#x628;&#x627; &#x644; </subfield>
  </datafield>
  <datafield tag="245" ind1=" " ind2=" ">
    <subfield code="a">&#x622; &#x64A;&#x646;&#x6C1;&#x621; &#x627; &#x631; &#x62F; &#x648; &#x635;&#x62D;&#x627; &#x641;&#x62A;  (&#x645;&#x648; &#x644;&#x627; &#x646;&#x627; &#x62D;&#x633;&#x631; &#x62A; &#x645;&#x648; &#x6C1;&#x627; &#x646;&#x6CC; )  </subfield>
    <subfield code="c">&#x627; &#x64A;&#x688; &#x64A;&#x679;&#x631; :&#x645;&#x631; &#x632; &#x627; &#x645;&#x631; &#x62A;&#x636;&#x6CC; &#x627; &#x642;&#x628;&#x627; &#x644; </subfield>
  </datafield>
  <datafield tag="246" ind1=" " ind2=" ">
    <subfield code="b">Aeena-e-Urdu Sahafat (Moulana Hasrat Mohani) (Urdu)</subfield>
    <subfield code="a">Edited by Mirza Murtaza Iqbal </subfield>
  </datafield>
  <datafield tag="260" ind1=" " ind2=" ">
    <subfield code="a">Muradabad</subfield>
    <subfield code="c">2018 &#x621;</subfield>
    <subfield code="b">Jayeead Press</subfield>
  </datafield>
  <datafield tag="270" ind1=" " ind2=" ">
    <subfield code="a">Sambhali Gate Muradabad,</subfield>
    <subfield code="b">U.P. </subfield>
    <subfield code="e">244001</subfield>
    <subfield code="l">08923048812</subfield>
  </datafield>
  <datafield tag="300" ind1=" " ind2=" ">
    <subfield code="a">281 &#x635; </subfield>
    <subfield code="c">22 Cm(Hb)</subfield>
  </datafield>
  <datafield tag="942" ind1=" " ind2=" ">
    <subfield code="2">ddc</subfield>
    <subfield code="c">UR</subfield>
    <subfield code="h">070.4</subfield>
    <subfield code="m">&#x645; &#x648; &#x6C1;</subfield>
  </datafield>
  <datafield tag="952" ind1=" " ind2=" ">
    <subfield code="0">0</subfield>
    <subfield code="1">0</subfield>
    <subfield code="4">0</subfield>
    <subfield code="7">0</subfield>
    <subfield code="8">NFIC</subfield>
    <subfield code="a">DBAD</subfield>
    <subfield code="b">L</subfield>
    <subfield code="d">2021-03-11</subfield>
    <subfield code="e">DBAD/PUB</subfield>
    <subfield code="g">100.00</subfield>
    <subfield code="l">0</subfield>
    <subfield code="o">070.4 &#x645; &#x648; &#x6C1;</subfield>
    <subfield code="p">U-9623</subfield>
    <subfield code="r">2021-03-11 00:00:00</subfield>
    <subfield code="t">1</subfield>
    <subfield code="v">100.00</subfield>
    <subfield code="w">2021-03-11</subfield>
    <subfield code="y">UR</subfield>
  </datafield>
</record>
